Κατάλογος Βιβλιοθηκών Mediterranean College

Social Psychology in the 80s / Third Edition (Record no. 398)

MARC details
000 -LEADER
fixed length control field 01341cam a22002174a 4500
005 - ΗΜΕΡΟΜΗΝΙΑ ΚΑΙ ΩΡΑ ΤΕΛΕΥΤΑΙΑΣ ΕΝΗΜΕΡΩΣΗΣ
Πεδίο ελέγχου 20250605163933.0
008 - FIXED-LENGTH DATA ELEMENTS--GENERAL INFORMATION
Πεδίο ελέγχου σταθερού μήκους 250528s ||||||||||||||||||||||||d
035 ## - SYSTEM CONTROL NUMBER
System control number 14779
020 ## - ISBN
ISBN 818504153
040 ## - ΠΗΓΗ ΚΑΤΑΛΟΓΟΓΡΑΦΗΣΗΣ
Φορέας πρωτότυπης καταλογογράφησης MC Athens Campus Library
Γλώσσα καταλογογράφησης Ελληνικά, Μοντέρνα (1453-)
Modifying agency MC Athens Campus Library
Κανόνες περιγραφικής καταλογογράφησης AACR2
245 1# - ΤΙΤΛΟΣ ΚΑΙ ΔΗΛΩΣΗ ΥΠΕΥΘΥΝΟΤΗΤΑΣ
Τίτλος Social Psychology in the 80s / Third Edition
250 ## - EDITION STATEMENT
Edition statement 3rd
260 ## - PUBLICATION, DISTRIBUTION, ETC.
Name of publisher, distributor, etc. Brooks/Cole Publishing Company,
Date of publication, distribution, etc. 1981
300 ## - PHYSICAL DESCRIPTION
Extent 656
520 ## - SUMMARY, ETC.
Summary, etc. Theories as Explanations of Social Behavior, Methods of Studying Behavior, Social Perception: Impressions and Explanations of People, Impression Management: The Self in Social Interaction, Interpersonal Communication, Affiliation and Attraction and Love, The Social Psychology of Sexual Behavior, More Judgements and Behavior, Prosocial Behavior: Cooperations and Helping, Aggression and Violence, Attitudes and Prejudice and Discrimination, Theories of Attitude Change, Attitudes and Behavior Change: Outcomes, Social Influence and Personal Control, Variations in Social Behavior: Sex and Race and Social Class, Individual Differences in Social Behavior, The Behavior in Groups, Leadership and Organizational Effectiveness, Physical Environment and Interpersonal Behavior, Social Psychology and Society.
700 1# - ΠΡΟΣΘΕΤΗ ΑΝΑΓΡΑΦΗ--ΦΥΣΙΚΟ ΠΡΟΣΩΠΟ
Personal name Deaux Kay
9 (RLIN) 537
700 1# - ΠΡΟΣΘΕΤΗ ΑΝΑΓΡΑΦΗ--ΦΥΣΙΚΟ ΠΡΟΣΩΠΟ
Personal name Wrichtsman Lawrence S
9 (RLIN) 538
942 ## - ADDED ENTRY ELEMENTS (KOHA)
Koha item type Books
Holdings
Τύπος τεκμηρίου Βιβλιοθήκη Τρέχουσα τοποθεσία Barcode Αριθμός εισαγωγής Ημερομηνία απόκτησης Ταξιθετικό σύμβολο Αριθμός αντιτύπου Κατάσταση απόσυρσης Κατάσταση χαμένου Κατάσταση κατεστραμμένου Μη δανεισμός Σύνολο δανεισμών Ημερομηνία τελευταίας εμφάνισης Η τιμή ισχύει από
Books MC Athens Campus Library MC Athens Campus Library 9780000003973 473 05/06/2025 302 WRI 1           05/06/2025 05/06/2025

MC Athens Campus Library
Πατησίων 94 & Κοδριγκτώνος 13, 104 34
Πελλήνης 8 & Πατησίων 107, 112 51
Τ: +30 210 8899600

MC Thessaloniki Campus Library
Ίωνος Δραγούμη 21, 54625 | Ίωνος Δραγούμη 15, 54625
Τ: +30 2310 287779 – Τ: +30 2314 440300